Despertador christiano quadragessimal de sermones doctrinales, para todos los dias de la quaresma, con remissiones copiosas al Despertador christiano de sermones enteros para los mismos dias

Detalles Bibliográficos
Autor principal: Barcia y Zambrana, José de fl. 1678
Otros Autores: Laso, Francisco (ed.)
Formato: Libro
Lenguaje:Spanish
Publicado: en Madrid 1727
Edición:Corregida y enmendada esta ultima impression
Materias:
Colección:Banco de datos
Acervo:Biblioteca Armando Olivares Carrillo de la Universidad de Guanajuato. Fondo Conventos
Descripción Física:4 t. f°
Tema general:Homilética
Notas:Marca de fuego: Convento del Carmen de Celaya, Gto.
LEADER 01022nam a22002050004500
035 |a 2890 
041 0 |a spa 
050 4 |a BV4207  |b B3 
100 1 |a Barcia y Zambrana, José de  |d fl. 1678 
245 1 0 |a Despertador christiano quadragessimal de sermones doctrinales, para todos los dias de la quaresma, con remissiones copiosas al Despertador christiano de sermones enteros para los mismos dias  |c su autor el ilustrissimo, y reverendissimo Señor Don Joseph de Barcia y Zambrana, obispo de Cadiz, y Algeciras del Consejo de su magestad, etc. 
250 |a Corregida y enmendada esta ultima impression 
260 |a en Madrid  |b por Francisco del Hierro ; a costa de Francisco Laso, mercader de libros  |c 1727 
300 |a 4 t.  |c f° 
500 |a Marca de fuego: Convento del Carmen de Celaya, Gto.  
650 1 0 |a Homilética 
700 1 |a Laso, Francisco  |e ed. 
949 |a CO. t. 1 (5210) 
942 |c GUANAJUATO 
943 |g Biblioteca Armando Olivares Carrillo de la Universidad de Guanajuato. Fondo Conventos 
999 |c 1146847  |d 1146847